[Event "10th Edmonton International 2015"]
[Site "Edmonton CAN"]
[Date "2015.06.27"]
[Round "8"]
[White "Harikrishna, P."]
[Black "Pechenkin, V."]
[Result "1-0"]
[WhiteElo "2733"]
[BlackElo "2314"]
[PlyCount "63"]
[EventDate "2015.06.20"]

1. e4 e6 2. d4 d5 3. Nd2 Be7 4. e5 Nh6 5. c3 c5 6. Bd3 cxd4 7. cxd4 Nc6 8. Ne2
Nf5 9. O-O Qb6 10. Nf3 Bd7 11. Bc2 Rc8 12. a3 a5 13. Rb1 h6 14. Be3 Nd8 15. Nf4
Nxe3 16. fxe3 Bb5 17. Rf2 O-O 18. g4 Bg5 19. Nxg5 hxg5 20. Nh5 Qc7 21. Qf3 Qxc2
22. Rxc2 Rxc2 23. e4 Be2 24. Qb3 Rc4 25. Qe3 Bxg4 26. Nxg7 f6 27. exf6 Rxf6 28.
Qxg5 Kf7 29. Ne8 Rg6 30. Nd6+ Kg7 31. Qe7+ Kh6 32. Nxc4 1-0

[Event "10th Edmonton International 2015"]
[Site "Edmonton CAN"]
[Date "2015.06.27"]
[Round "8"]
[White "Gardner, R."]
[Black "Shankland, S."]
[Result "0-1"]
[WhiteElo "2133"]
[BlackElo "2656"]
[PlyCount "50"]
[EventDate "2015.06.20"]

1. d4 Nf6 2. c4 e6 3. Nc3 Bb4 4. e3 O-O 5. Nge2 c6 6. a3 Ba5 7. Ng3 d5 8. Bd3
dxc4 9. Bxc4 c5 10. O-O cxd4 11. exd4 Nc6 12. Be3 Bb6 13. Nce2 Ng4 14. Qd3 Qh4
15. h3 Nce5 16. dxe5 Nxe5 17. Qc3 Nxc4 18. Bxb6 Nxb6 19. Rfd1 Nd5 20. Qc5 b6
21. Qc6 Ba6 22. Rd4 Qe7 23. Rxd5 exd5 24. Nf4 Rac8 25. Nxd5 Qd8 0-1

[Event "10th Edmonton International 2015"]
[Site "Edmonton CAN"]
[Date "2015.06.27"]
[Round "8"]
[White "Hambleton, A."]
[Black "Ganguly, S."]
[Result "0-1"]
[WhiteElo "2446"]
[BlackElo "2625"]
[PlyCount "68"]
[EventDate "2015.06.20"]

1. d4 d5 2. c4 dxc4 3. e4 b5 4. a4 c6 5. Nc3 a6 6. axb5 cxb5 7. Nxb5 axb5 8.
Rxa8 Bb7 9. Ra2 e6 10. f3 Nc6 11. Ne2 Bb4+ 12. Bd2 Nge7 13. b3 O-O 14. bxc4
bxc4 15. Qb1 Qb6 16. Bxb4 Nxb4 17. Nc3 Nec6 18. Rd2 Ra8 19. Be2 Ra3 20. Qc1
Nxd4 21. Bd1 Ra8 22. Na4 Rxa4 23. Bxa4 Nxf3+ 24. gxf3 Qe3+ 25. Kf1 Qxf3+ 26.
Kg1 Qe3+ 27. Kf1 Qf3+ 28. Kg1 Qe3+ 29. Kf1 Nd3 30. h4 Qf4+ 31. Kg1 Qe3+ 32. Kf1
c3 33. Rhh2 Ba6 34. Rhe2 Qxe2+ 0-1

[Event "Dortmund Sparkassen 2015"]
[Site "Dortmund GER"]
[Date "2015.06.28"]
[Round "2"]
[White "Naiditsch, Arkadij"]
[Black "Nisipeanu, Liviu-Dieter"]
[Result "0-1"]
[WhiteElo "2722"]
[BlackElo "2654"]
[PlyCount "98"]
[EventDate "2015.06.27"]

1. e4 c6 2. d4 d5 3. e5 Bf5 4. Nf3 e6 5. Be2 Ne7 6. O-O h6 7. Nbd2 Nd7 8. Nb3
g5 9. Ne1 Qc7 10. Nd3 b6 11. Be3 Bg7 12. Rc1 Rd8 13. Kh1 c5 14. dxc5 O-O 15.
cxb6 axb6 16. f4 gxf4 17. Nxf4 Nxe5 18. Nh5 Nc4 19. Bg1 Bxb2 20. Nd4 Bg6 21.
Nf6+ Kg7 22. Rb1 e5 23. Nb5 Qc6 24. a4 Nf5 25. Nh5+ Kh7 26. Qe1 Nce3 27. Rxb2
Nxf1 28. Qxf1 d4 29. Bf3 Qc5 30. Nf6+ Kg7 31. Ne4 Qe7 32. Rb3 Nh4 33. Qe1 f5
34. Nd2 Nxf3 35. Nxf3 Rfe8 36. Nh4 Kh7 37. Rh3 Qf6 38. Bf2 Bh5 39. Nf3 Bxf3 40.
Rxf3 e4 41. Rh3 d3 42. cxd3 exd3 43. Qd1 d2 44. Nc3 Re6 45. Qb1 Qxc3 46. Qxf5+
Kh8 47. Rxc3 Re1+ 48. Bg1 Rxg1+ 49. Kxg1 d1=Q+ 0-1

[Event "Dortmund Sparkassen 2015"]
[Site "Dortmund GER"]
[Date "2015.06.28"]
[Round "2"]
[White "Hou, Yifan"]
[Black "Kramnik, Vladimir"]
[Result "0-1"]
[WhiteElo "2676"]
[BlackElo "2783"]
[PlyCount "56"]
[EventDate "2015.06.27"]

1. e4 e5 2. Nf3 Nc6 3. Bb5 Nf6 4. Qe2 Bc5 5. c3 O-O 6. d3 h6 7. Nbd2 d6 8. O-O
Ne7 9. d4 a6 10. dxc5 axb5 11. cxd6 Qxd6 12. Qxb5 Ng6 13. Re1 b6 14. Nc4 Qe6
15. Ne3 Nxe4 16. Qd5 Nc5 17. b4 Bb7 18. Qxe6 Nxe6 19. Nf5 Rfd8 20. a4 Rd3 21.
Be3 Rxc3 22. a5 Rb3 23. axb6 cxb6 24. Rxa8+ Bxa8 25. Bxb6 Bxf3 26. gxf3 Ng5 27.
Kh1 Nxf3 28. Re4 Nf4 0-1

[Event "Dortmund Sparkassen 2015"]
[Site "Dortmund GER"]
[Date "2015.06.28"]
[Round "2"]
[White "Caruana, Fabiano"]
[Black "So, Wesley"]
[Result "0-1"]
[WhiteElo "2805"]
[BlackElo "2778"]
[PlyCount "138"]
[EventDate "2015.06.27"]

1. Nf3 c5 2. e4 d6 3. d4 cxd4 4. Nxd4 Nf6 5. Nc3 a6 6. h3 e5 7. Nde2 b5 8. g4
b4 9. Nd5 Nxd5 10. exd5 h5 11. gxh5 Rxh5 12. a3 bxa3 13. Rxa3 Nd7 14. Bg2 Nf6
15. O-O Rb8 16. f4 Be7 17. c4 Qb6+ 18. Rf2 Rh4 19. Rc3 Bd7 20. b3 Bxh3 21. Bxh3
Ne4 22. Qe1 Nxc3 23. Qxc3 Qxb3 24. Qxb3 Rxb3 25. Bc8 e4 26. Bxa6 Bd8 27. c5
dxc5 28. Rg2 g6 29. Rg3 Rxg3+ 30. Nxg3 Rg4 31. Kh2 f5 32. Ne2 Rh4+ 33. Kg2 Bc7
34. Bc8 Kd8 35. Be6 Ke7 36. Be3 Bd6 37. Bf2 Rh8 38. Be1 c4 39. Bc3 Ra8 40. Be5
Ra2 41. Kf1 Rd2 42. Bc3 Rd3 43. Ba5 Ba3 44. Bg8 Bd6 45. Be6 Bc5 46. Ke1 Rb3 47.
Kd2 Rb2+ 48. Kd1 Bb4 49. Bxb4+ Rxb4 50. Kc2 Rb3 51. Nc3 e3 52. Bg8 Rb6 53. Ne2
Ra6 54. d6+ Rxd6 55. Bxc4 Kf6 56. Bd3 g5 57. fxg5+ Kxg5 58. Ng3 Rc6+ 59. Kd1 f4
60. Nf1 Rb6 61. Nh2 Kh4 62. Ke1 Kg3 63. Nf1+ Kf3 64. Nh2+ Kg2 65. Nf1 Re6 66.
Bc4 Re5 67. Ba6 Ra5 68. Bb7+ Kg1 69. Nxe3 Re5 0-1

[Event "Dortmund Sparkassen 2015"]
[Site "Dortmund GER"]
[Date "2015.06.28"]
[Round "2"]
[White "Nepomniachtchi, Ian"]
[Black "Meier, Georg"]
[Result "1/2-1/2"]
[WhiteElo "2720"]
[BlackElo "2654"]
[PlyCount "50"]
[EventDate "2015.06.27"]

1. e4 e6 2. d4 d5 3. Nc3 Nf6 4. e5 Nfd7 5. f4 c5 6. Nf3 Nc6 7. Be3 Be7 8. dxc5
Nxc5 9. Qd2 a6 10. O-O-O Qa5 11. Kb1 b5 12. Bd3 Bd7 13. Bxc5 Bxc5 14. f5 Bb4
15. Qg5 Bxc3 16. Qxg7 O-O-O 17. bxc3 d4 18. Nxd4 Nxd4 19. cxd4 Qb4+ 20. Kc1
Rhg8 21. Qxf7 Rxg2 22. fxe6 Qa3+ 23. Kb1 Qb4+ 24. Kc1 Qa3+ 25. Kb1 Qb4+ 1/2-1/2

[Event "Russian Championship 2015"]
[Site "Kaliningrad RUS"]
[Date "2015.06.28"]
[Round "6"]
[White "Motylev, Alexander"]
[Black "Malakhov, Vladimir"]
[Result "1-0"]
[WhiteElo "2643"]
[BlackElo "2699"]
[PlyCount "53"]
[EventDate "2015.06.22"]

1. e4 e5 2. Nf3 Nc6 3. Bb5 Nf6 4. d3 Bc5 5. c3 O-O 6. O-O Re8 7. Re1 Bf8 8. d4
exd4 9. e5 Nd5 10. cxd4 d6 11. Bg5 Qd7 12. Nc3 Nxc3 13. bxc3 a6 14. Bd3 b5 15.
Qc2 h6 16. Bh4 Rb8 17. Re3 dxe5 18. dxe5 Qd5 19. Rd1 Qc5 20. h3 Be6 21. Nd2 Bd5
22. Rde1 Be7 23. Bf6 Bf8 24. Rg3 Rb6 25. Qd1 Ne7 26. Qh5 g6 27. e6 1-0

[Event "10th Edmonton International 2015"]
[Site "Edmonton CAN"]
[Date "2015.06.28"]
[Round "9"]
[White "Ivanchuk, V."]
[Black "Gardner, R."]
[Result "1-0"]
[WhiteElo "2733"]
[BlackElo "2133"]
[PlyCount "59"]
[EventDate "2015.06.20"]

1. e4 d6 2. d4 Nf6 3. Nc3 g6 4. f4 Bg7 5. a3 O-O 6. Nf3 c5 7. dxc5 Qa5 8. b4
Qc7 9. Bd2 dxc5 10. e5 cxb4 11. Nb5 Qb6 12. exf6 Bxf6 13. axb4 Bxa1 14. Qxa1
Bg4 15. Ne5 Bf5 16. Nd4 Rd8 17. Nxf5 gxf5 18. Bd3 Nc6 19. Nxc6 bxc6 20. Qe5 Rd5
21. Qxe7 Qd4 22. Be3 Qa1+ 23. Kf2 Qxh1 24. Qg5+ Kh8 25. Qf6+ Kg8 26. Bc4 Qd1
27. Bxd5 cxd5 28. Bd4 Kf8 29. Qh8+ Ke7 30. Bc5+ 1-0

[Event "10th Edmonton International 2015"]
[Site "Edmonton CAN"]
[Date "2015.06.28"]
[Round "9"]
[White "Shankland, S."]
[Black "Matras Clement, A."]
[Result "1-0"]
[WhiteElo "2656"]
[BlackElo "2269"]
[PlyCount "57"]
[EventDate "2015.06.20"]

1. d4 d5 2. c4 c6 3. Nc3 Nf6 4. e3 Bf5 5. cxd5 cxd5 6. Qb3 Nc6 7. Qxb7 Bd7 8.
Qb3 Rb8 9. Qd1 e5 10. dxe5 Nxe5 11. Be2 Bd6 12. Nf3 O-O 13. O-O Re8 14. Nd4 Rb6
15. b3 Bb8 16. Bb2 Nfg4 17. h3 Rh6 18. Qd2 Rxh3 19. gxh3 Qh4 20. Bxg4 Nxg4 21.
f4 Nxe3 22. Rf3 Bxf4 23. Qf2 Qg5+ 24. Kh1 Bd6 25. Re1 Ng4 26. Rxe8+ Bxe8 27.
hxg4 Qxg4 28. Nce2 Bd7 29. Rg3 1-0

[Event "10th Edmonton International 2015"]
[Site "Edmonton CAN"]
[Date "2015.06.28"]
[Round "9"]
[White "Ganguly, S."]
[Black "Haessel, D."]
[Result "1-0"]
[WhiteElo "2625"]
[BlackElo "2180"]
[PlyCount "41"]
[EventDate "2015.06.20"]

1. d4 Nf6 2. Nf3 g6 3. Bg5 Bg7 4. Nbd2 d5 5. e3 c5 6. c3 cxd4 7. exd4 Nc6 8.
Bd3 Bf5 9. Bxf5 gxf5 10. O-O O-O 11. Re1 Ne4 12. Bf4 e6 13. Nf1 Ne7 14. Qc1 b5
15. Ng3 Ng6 16. Nh5 Nxf4 17. Qxf4 f6 18. Nd2 Qb6 19. Nb3 Rfe8 20. f3 Qd6 21.
Rxe4 1-0

[Event "10th Edmonton International 2015"]
[Site "Edmonton CAN"]
[Date "2015.06.28"]
[Round "9"]
[White "Pechenkin, V."]
[Black "Hambleton, A."]
[Result "0-1"]
[WhiteElo "2314"]
[BlackElo "2446"]
[PlyCount "94"]
[EventDate "2015.06.20"]

1. c4 c5 2. g3 e6 3. Bg2 d5 4. cxd5 exd5 5. d4 cxd4 6. Nf3 Bb4+ 7. Bd2 Bc5 8.
O-O Nc6 9. b4 Bb6 10. b5 Na5 11. Bb4 Qf6 12. Nbd2 Ne7 13. Nb3 Nxb3 14. Qxb3 O-O
15. a4 a5 16. bxa6 Rxa6 17. a5 Ba7 18. Rac1 Re8 19. Bd2 Nc6 20. Qxd5 Qf5 21.
Qc4 Be6 22. Qa4 b5 23. Qa3 Bc4 24. Rfe1 h6 25. Nh4 Qf6 26. Qf3 Qxf3 27. Bxf3
Re6 28. Bg4 Re8 29. Nf5 Ne5 30. Bh3 h5 31. Bf4 g6 32. Nh4 Rxa5 33. Bf1 Bb6 34.
Rb1 Kg7 35. Red1 f6 36. Bxe5 fxe5 37. Nf3 Ra2 38. e3 Bxf1 39. Rxf1 dxe3 40.
Rxb5 e4 41. Rxb6 e2 42. Ng5 exf1=Q+ 43. Kxf1 e3 44. Ne6+ Kh6 45. fxe3 Rc8 46.
Rb1 Rxh2 47. Kg1 Re2 0-1

[Event "Porticcio Open 2015"]
[Site "Grosseto-Prugna FRA"]
[Date "2015.06.27"]
[Round "1"]
[White "Fressinet, Laurent"]
[Black "Fragni, Enrico"]
[Result "1-0"]
[WhiteElo "2720"]
[BlackElo "1589"]
[PlyCount "44"]
[EventDate "2015.06.27"]

1. e4 d6 2. d4 Nf6 3. Nc3 c6 4. f4 Nbd7 5. e5 Ng8 6. Nf3 e6 7. Bd3 Be7 8. O-O
Nh6 9. Ne4 Qc7 10. Qe1 d5 11. Neg5 Nf8 12. Bd2 Bd7 13. a4 a5 14. b3 b6 15. c4
Qb7 16. Rc1 Ng6 17. h4 Rc8 18. Qe2 Rc7 19. cxd5 cxd5 20. Rxc7 Qxc7 21. Rc1 Qb7
22. Ba6 Qb8 1-0

[Event "Porticcio Open 2015"]
[Site "Grosseto-Prugna FRA"]
[Date "2015.06.28"]
[Round "2"]
[White "Guillemart, Serge"]
[Black "Fressinet, Laurent"]
[Result "0-1"]
[WhiteElo "1876"]
[BlackElo "2720"]
[PlyCount "48"]
[EventDate "2015.06.27"]

1. c4 e5 2. Nc3 Nf6 3. Nf3 Nc6 4. e3 Bb4 5. Nd5 e4 6. Nd4 Nxd5 7. Nxc6 dxc6 8.
cxd5 Qxd5 9. Qc2 O-O 10. Qc4 Bd6 11. b3 Be5 12. Qxd5 cxd5 13. Rb1 a5 14. Bb2
Bxb2 15. Rxb2 a4 16. b4 a3 17. Rc2 Ra4 18. b5 Rb4 19. Kd1 Rb1+ 20. Rc1 Bg4+ 21.
Kc2 Rb2+ 22. Kc3 c5 23. h3 Be6 24. Be2 Rd8 0-1

[Event "Porticcio Open 2015"]
[Site "Grosseto-Prugna FRA"]
[Date "2015.06.28"]
[Round "3"]
[White "Fressinet, Laurent"]
[Black "Piscopo, Pierluigi"]
[Result "1-0"]
[WhiteElo "2720"]
[BlackElo "2422"]
[PlyCount "52"]
[EventDate "2015.06.27"]

1. Nf3 Nf6 2. g3 g6 3. Bg2 Bg7 4. O-O O-O 5. c4 d6 6. d4 c6 7. Nc3 Qa5 8. e4 e5
9. h3 Nbd7 10. Re1 exd4 11. Nxd4 Ne5 12. Bf1 Re8 13. Be3 c5 14. Nb3 Qd8 15. f4
Nc6 16. Bf2 a6 17. Qd2 Be6 18. Rad1 Bf8 19. Kh2 Nd7 20. Qc1 Qf6 21. Nd5 Qd8 22.
Bg2 b5 23. cxb5 axb5 24. e5 c4 25. exd6 Bxd6 26. Nc3 cxb3 1-0

[Event "Porticcio Open 2015"]
[Site "Grosseto-Prugna FRA"]
[Date "2015.06.29"]
[Round "4"]
[White "Iordachescu, Viorel"]
[Black "Fressinet, Laurent"]
[Result "1/2-1/2"]
[WhiteElo "2588"]
[BlackElo "2720"]
[PlyCount "59"]
[EventDate "2015.06.27"]

1. e4 e5 2. Nf3 Nc6 3. Bb5 Nf6 4. d3 Bc5 5. Bxc6 dxc6 6. Nc3 Qe7 7. Ne2 Bg4 8.
Ng3 Nh5 9. h3 Nxg3 10. fxg3 Be6 11. Qe2 O-O-O 12. a3 f6 13. Be3 Kb8 14. O-O
Bxe3+ 15. Qxe3 c5 16. b3 Qd6 17. Rf2 Rhe8 18. a4 a5 19. Kh2 b6 20. Re1 Bc8 21.
Qc1 h6 22. Nh4 Qd4 23. Re3 Kb7 24. Nf5 Bxf5 25. Rxf5 Re6 26. Rf2 Qd7 27. Qa1
Qd4 28. Qc1 Qd7 29. Qa1 Qd4 30. Qc1 1/2-1/2

[Event "Russian Championship 2015"]
[Site "Kaliningrad RUS"]
[Date "2015.06.29"]
[Round "7"]
[White "Malakhov, Vladimir"]
[Black "Alekseev, Evgeny"]
[Result "1/2-1/2"]
[WhiteElo "2699"]
[BlackElo "2651"]
[PlyCount "74"]
[EventDate "2015.06.22"]

1. Nf3 d5 2. d4 Nf6 3. c4 e6 4. Nc3 Bb4 5. Qa4+ Nc6 6. Bg5 dxc4 7. e4 Bd7 8.
Qc2 h6 9. Bd2 b5 10. Nxb5 Bxd2+ 11. Nxd2 a6 12. Na3 Nxd4 13. Qxc4 e5 14. Qc5
Be6 15. Rc1 Nd7 16. Qxc7 Bxa2 17. Qxd8+ Kxd8 18. Bc4 Bxc4 19. Naxc4 Ke7 20. Nf3
Nxf3+ 21. gxf3 Rhc8 22. O-O Rab8 23. Rfd1 g6 24. Rc3 Rc5 25. b3 Nf8 26. Ra1 Ne6
27. Rxa6 Nd4 28. Ra2 Nxb3 29. Rb2 Rbc8 30. Rbxb3 Rxc4 31. Rxc4 Rxc4 32. Rb7+
Kf6 33. Kg2 Ke6 34. Rb6+ Ke7 35. Rb7+ Ke6 36. Rb6+ Ke7 37. Rb7+ Ke6 1/2-1/2

[Event "Dortmund Sparkassen 2015"]
[Site "Dortmund GER"]
[Date "2015.06.30"]
[Round "3"]
[White "Nisipeanu, LD."]
[Black "Hou Yifan"]
[Result "1/2-1/2"]
[WhiteElo "2654"]
[BlackElo "2676"]
[PlyCount "65"]
[EventDate "2015.06.26"]

1. d4 Nf6 2. Nf3 e6 3. c4 b6 4. g3 Bb4+ 5. Bd2 a5 6. Bg2 Bb7 7. O-O O-O 8. Bf4
Be7 9. Nc3 Na6 10. d5 Bb4 11. Nb5 exd5 12. Nh4 c6 13. Nd6 Bxd6 14. Bxd6 Re8 15.
cxd5 Ne4 16. dxc6 dxc6 17. Bf4 Qf6 18. Be3 c5 19. Qd7 Bc6 20. Qg4 Nb4 21. Rad1
Qe6 22. Nf5 g6 23. Nh6+ Kg7 24. Qh4 Nc2 25. Ng4 Nxe3 26. fxe3 h5 27. Bxe4 Qxe4
28. Qf6+ Kg8 29. Qxf7+ Kh8 30. Qf6+ Kg8 31. Qf7+ Kh8 32. Qf6+ Kg8 33. Qf7+
1/2-1/2

[Event "Dortmund Sparkassen 2015"]
[Site "Dortmund GER"]
[Date "2015.06.30"]
[Round "3"]
[White "Kramnik, V."]
[Black "Nepomniachtchi, I."]
[Result "1-0"]
[WhiteElo "2783"]
[BlackElo "2720"]
[PlyCount "90"]
[EventDate "2015.06.26"]

1. Nf3 Nf6 2. g3 c5 3. Bg2 g6 4. c4 Bg7 5. d4 cxd4 6. Nxd4 d5 7. Nc3 dxc4 8.
Qa4+ Nbd7 9. O-O O-O 10. Rd1 Nb6 11. Qa3 Qd6 12. Qxd6 exd6 13. a4 a6 14. Bf4
Ne8 15. Rac1 a5 16. Ndb5 Bd7 17. Bxd6 Nxd6 18. Rxd6 Bc6 19. Bxc6 bxc6 20. Rxc6
Rab8 21. Rc5 Rfd8 22. Na7 Rd2 23. Rb5 Nd7 24. Rxb8+ Nxb8 25. Ncb5 Nd7 26. Rxc4
Bxb2 27. Kf1 Nb6 28. Re4 f5 29. Re8+ Kf7 30. Rb8 Nxa4 31. Nc6 Nc3 32. Nxa5 Rd1+
33. Kg2 Nxe2 34. Nc4 Ba1 35. Nbd6+ Kg7 36. Rb7+ Kg8 37. Re7 Nc3 38. h4 Nd5 39.
Rd7 h5 40. Ra7 Bd4 41. Ra8+ Kg7 42. Rd8 Ba1 43. Nb6 Nc3 44. Nbc8 Kf6 45. Rd7
Nd5 1-0

[Event "Dortmund Sparkassen 2015"]
[Site "Dortmund GER"]
[Date "2015.06.30"]
[Round "3"]
[White "So, W."]
[Black "Naiditsch, A."]
[Result "0-1"]
[WhiteElo "2778"]
[BlackElo "2722"]
[PlyCount "72"]
[EventDate "2015.06.26"]

1. d4 Nf6 2. c4 e6 3. Nf3 d5 4. Nc3 Nbd7 5. e3 Be7 6. b3 O-O 7. Bb2 b6 8. Bd3
Bb7 9. Qc2 c5 10. cxd5 exd5 11. O-O a6 12. Rfd1 Re8 13. Rac1 Bd6 14. Bf5 Rc8
15. dxc5 bxc5 16. Qd3 Rc7 17. Na4 Qe7 18. Qc3 d4 19. exd4 Bxf3 20. Qxf3 cxd4
21. Ra1 Ne5 22. Qh3 g6 23. Bd3 Nd5 24. Bxd4 Nxd3 25. Qxd3 Nf4 26. Qxa6 Qg5 27.
g3 Ne2+ 28. Kf1 Qg4 29. Be3 Rxe3 30. Qa8+ Kg7 31. Rxd6 Re4 32. Kg2 Nf4+ 33. Kg1
Nh3+ 34. Kg2 Rc2 35. Rf1 Nf4+ 36. Kg1 Qf3 0-1

[Event "Dortmund Sparkassen 2015"]
[Site "Dortmund GER"]
[Date "2015.06.30"]
[Round "3"]
[White "Meier, Geo"]
[Black "Caruana, F."]
[Result "0-1"]
[WhiteElo "2654"]
[BlackElo "2805"]
[PlyCount "94"]
[EventDate "2015.06.26"]

1. Nf3 d6 2. d4 g6 3. e4 Bg7 4. Be2 Nd7 5. c4 e5 6. Nc3 Ne7 7. h4 h6 8. g4 Nb6
9. g5 hxg5 10. Bxg5 Bg4 11. d5 f6 12. Be3 Bh6 13. Qd3 Bh5 14. O-O-O Kf7 15.
Rdg1 Qd7 16. Bxh6 Rxh6 17. Bf1 Rah8 18. Bh3 Qd8 19. Ne1 c6 20. b3 Nd7 21. Qe3
cxd5 22. cxd5 Nc5 23. b4 Nd7 24. Qxa7 Qc7 25. Qe3 Nb6 26. Kb1 Kg7 27. Nb5 Qd8
28. f3 Rf8 29. Rg2 f5 30. Rc2 Na8 31. Qa7 fxe4 32. fxe4 Rf4 33. Bg2 Bd1 34. Rd2
Bg4 35. Qxb7 Rf7 36. Qa6 Nb6 37. Nd3 Nc4 38. Rc2 Bc8 39. Qa8 Ne3 40. Re2 Nxg2
41. Rxg2 Qb6 42. a4 Qe3 43. Rd1 Rf1 44. Rxf1 Qxd3+ 45. Rc2 Qxf1+ 46. Kb2 Qe1
47. Qa7 Qxb4+ 0-1

[Event "Russian Championship 2015"]
[Site "Kaliningrad RUS"]
[Date "2015.06.30"]
[Round "8"]
[White "Chekhov, Sergei"]
[Black "Malakhov, Vladimir"]
[Result "1/2-1/2"]
[WhiteElo "2476"]
[BlackElo "2699"]
[PlyCount "93"]
[EventDate "2015.06.22"]

1. e4 g6 2. d4 Bg7 3. Nf3 d6 4. c3 Nd7 5. Bd3 e5 6. O-O Ngf6 7. h3 O-O 8. Qc2
b6 9. Nbd2 Bb7 10. a4 a6 11. Re1 Re8 12. dxe5 Nxe5 13. Nxe5 Rxe5 14. Nf3 Re7
15. Bg5 Qe8 16. Rad1 h6 17. Bxf6 Bxf6 18. Re2 Bg7 19. h4 Qd7 20. h5 Rae8 21.
hxg6 fxg6 22. Re3 Rf8 23. Bc4+ Kh7 24. Bd5 Bc8 25. Nd4 Qg4 26. Qe2 Qh4 27. Nc6
Ree8 28. g3 Qh3 29. Qf1 Qg4 30. Rde1 Rf3 31. Rxf3 Qxf3 32. Re3 Qg4 33. Qe2 h5
34. Qxg4 Bxg4 35. f3 Bd7 36. Kf2 g5 37. Re1 Bf6 38. Ke3 Kg7 39. Rh1 Rh8 40. f4
h4 41. e5 gxf4+ 42. gxf4 dxe5 43. fxe5 Bg5+ 44. Ke4 h3 45. Nd4 c5 46. Nf3 Be7
47. b3 1/2-1/2

[Event "Porticcio Open 2015"]
[Site "Grosseto-Prugna FRA"]
[Date "2015.06.30"]
[Round "5"]
[White "Fressinet, Laurent"]
[Black "Guliyev, Namig"]
[Result "1-0"]
[WhiteElo "2720"]
[BlackElo "2549"]
[PlyCount "113"]
[EventDate "2015.06.27"]

1. Nf3 d5 2. g3 Bg4 3. Bg2 Nf6 4. c4 c6 5. O-O e6 6. d3 dxc4 7. dxc4 Qxd1 8.
Rxd1 Nbd7 9. Bf4 Bxf3 10. Bxf3 e5 11. Bd2 Nb6 12. b3 O-O-O 13. e3 e4 14. Be2 h5
15. Bc3 Rxd1+ 16. Bxd1 Nbd7 17. Bc2 Bd6 18. Nd2 Re8 19. b4 Be5 20. Bxe5 Rxe5
21. c5 Kc7 22. Nc4 Re7 23. a3 b6 24. cxb6+ axb6 25. Rc1 Nd5 26. Bb3 N7f6 27.
Kf1 g6 28. Ke2 Re8 29. h3 Re7 30. h4 Re8 31. b5 c5 32. a4 Re7 33. Nb2 Nb4 34.
a5 bxa5 35. Rxc5+ Kd6 36. Rc8 Nfd5 37. Nc4+ Kd7 38. Ra8 Nd3 39. Nxa5 Nc1+ 40.
Kd2 Nxb3+ 41. Nxb3 Kd6 42. Rd8+ Ke5 43. Na5 Rc7 44. Nc6+ Ke6 45. Re8+ Kd6 46.
Rxe4 Rb7 47. Nd8 Rd7 48. Rd4 Kc5 49. Nc6 Rb7 50. Ne5 Rxb5 51. Rc4+ Kd6 52.
Nxf7+ Ke7 53. Ng5 Nf6 54. f3 Rb1 55. Rc6 Nd5 56. e4 Rb2+ 57. Kc1 1-0

[Event "Porticcio Open 2015"]
[Site "Grosseto-Prugna FRA"]
[Date "2015.06.27"]
[Round "1"]
[White "Lo Iacono, Sebastien"]
[Black "Bacrot, Etienne"]
[Result "0-1"]
[WhiteElo "1582"]
[BlackElo "2695"]
[PlyCount "51"]
[EventDate "2015.06.27"]

1. e4 c5 2. Nf3 e6 3. c3 Qa5 4. Bc4 b5 5. Bb3 Bb7 6. Qe2 Nf6 7. Bc2 Nc6 8. O-O
Qb6 9. Rd1 Rc8 10. a3 c4 11. d4 cxd3 12. Bxd3 a6 13. b4 Be7 14. Be3 Qc7 15. a4
bxa4 16. Bxa6 Bxa6 17. Qxa6 Nxe4 18. Qxa4 Nb8 19. b5 Nc5 20. Qa7 Qxa7 21. Rxa7
d5 22. Ne5 f6 23. Bxc5 Bxc5 24. Rxg7 fxe5 25. Re1 Nd7 26. Nd2 0-1

[Event "Porticcio Open 2015"]
[Site "Grosseto-Prugna FRA"]
[Date "2015.06.28"]
[Round "2"]
[White "Bacrot, Etienne"]
[Black "Sanna, Yuri"]
[Result "1-0"]
[WhiteElo "2695"]
[BlackElo "1873"]
[PlyCount "61"]
[EventDate "2015.06.27"]

1. c4 Nc6 2. Nc3 e5 3. g3 d6 4. Bg2 Be7 5. e3 f5 6. Rb1 Nf6 7. d3 O-O 8. b4 Qe8
9. Nge2 Bd7 10. Qc2 Rb8 11. Nd5 Bd8 12. b5 Ne7 13. Nxe7+ Bxe7 14. a4 c6 15. Bb2
g5 16. h4 Ng4 17. hxg5 Bxg5 18. d4 h6 19. Qc3 f4 20. gxf4 exf4 21. e4 Ne3 22.
fxe3 f3 23. Bxf3 Rxf3 24. d5 Bf6 25. Qd3 Bg5 26. Qc3 Bf6 27. Rg1+ Kf8 28. Qd3
Bg5 29. dxc6 Bh4+ 30. Kd2 Be6 31. Rbf1 1-0

[Event "Porticcio Open 2015"]
[Site "Grosseto-Prugna FRA"]
[Date "2015.06.28"]
[Round "3"]
[White "Massoni, Michael"]
[Black "Bacrot, Etienne"]
[Result "0-1"]
[WhiteElo "2360"]
[BlackElo "2695"]
[PlyCount "92"]
[EventDate "2015.06.27"]

1. e4 g6 2. d4 d6 3. Nc3 Bg7 4. Be3 a6 5. h3 b5 6. a4 b4 7. Na2 Nf6 8. Bd3 Bb7
9. f3 a5 10. c3 bxc3 11. Nxc3 Na6 12. h4 Nb4 13. Bb5+ c6 14. Be2 Nh5 15. Kf2 e5
16. g4 Nf4 17. Qd2 h5 18. g5 O-O 19. Bxf4 exf4 20. Nh3 c5 21. dxc5 dxc5 22.
Rad1 Be5 23. Bc4 Qc7 24. Nb5 Qb8 25. Kg2 Bc6 26. Qf2 Qb6 27. Qd2 Qb8 28. Qf2
Rc8 29. b3 Qb6 30. Qd2 Rd8 31. Qe2 Kg7 32. Na3 Rd4 33. Bb5 Rad8 34. Bxc6 Nxc6
35. Nb5 Rxd1 36. Rxd1 Nd4 37. Qd2 Qe6 38. Nxd4 Rxd4 39. Qc2 Rxd1 40. Qxd1 c4
41. bxc4 Qxc4 42. Nf2 Bd4 43. Nd3 Qa2+ 44. Kh3 Bc3 45. e5 Kh7 46. Ne1 Bxe1 0-1

[Event "Porticcio Open 2015"]
[Site "Grosseto-Prugna FRA"]
[Date "2015.06.29"]
[Round "4"]
[White "Bacrot, Etienne"]
[Black "David, Alberto"]
[Result "1/2-1/2"]
[WhiteElo "2695"]
[BlackElo "2571"]
[PlyCount "46"]
[EventDate "2015.06.27"]

1. d4 Nf6 2. c4 e6 3. Nf3 d5 4. Nc3 Bb4 5. Qa4+ Nc6 6. e3 O-O 7. Qc2 Ne7 8. Bd2
b6 9. cxd5 exd5 10. Bd3 c5 11. dxc5 bxc5 12. O-O c4 13. Be2 Bf5 14. Qa4 Rb8 15.
Nd4 Bd7 16. Qc2 Bc5 17. Rad1 Qb6 18. Bc1 Qa5 19. Bf3 Rfc8 20. Rfe1 Bb4 21. Bd2
Qb6 22. Bc1 Qa5 23. Bd2 Qb6 1/2-1/2

[Event "Porticcio Open 2015"]
[Site "Grosseto-Prugna FRA"]
[Date "2015.06.30"]
[Round "5"]
[White "Terrieux, Kevin"]
[Black "Bacrot, Etienne"]
[Result "0-1"]
[WhiteElo "2440"]
[BlackElo "2695"]
[PlyCount "74"]
[EventDate "2015.06.27"]

1. d4 Nf6 2. c4 g6 3. Nc3 Bg7 4. e4 d6 5. Nge2 O-O 6. Ng3 Nbd7 7. Be2 h5 8. h3
e5 9. d5 a5 10. Bg5 Re8 11. Nf1 Nf8 12. g4 N8h7 13. Be3 h4 14. c5 dxc5 15. Bxc5
Bh6 16. Nd2 Bd7 17. a4 b6 18. Ba3 Bf4 19. Nc4 Ng5 20. Qd3 Bxa4 21. Nxa4 b5 22.
Nc3 b4 23. f3 Qe7 24. Na4 Reb8 25. Kf1 Qe8 26. b3 bxa3 27. Kg2 c6 28. Nab6 cxd5
29. exd5 Ra7 30. Rxa3 Qd8 31. b4 Rxb6 32. Nxb6 Qxb6 33. bxa5 Rxa5 34. Rxa5 Qxa5
35. d6 Ne6 36. Rd1 Bg3 37. Qa6 Qc5 0-1

[Event "Porticcio Open 2015"]
[Site "Grosseto-Prugna FRA"]
[Date "2015.06.30"]
[Round "6"]
[White "Bacrot, Etienne"]
[Black "Sethuraman, S.p"]
[Result "1-0"]
[WhiteElo "2695"]
[BlackElo "2623"]
[PlyCount "117"]
[EventDate "2015.06.27"]

1. d4 Nf6 2. c4 e6 3. Nf3 d5 4. Nc3 Nbd7 5. Bf4 dxc4 6. e3 Nb6 7. Bxc4 Nxc4 8.
Qa4+ c6 9. Qxc4 Nd5 10. O-O Nxf4 11. exf4 Be7 12. Rac1 O-O 13. Rfe1 Qd6 14. g3
b6 15. Ne4 Qd5 16. Ne5 Bb7 17. Nxc6 Bxc6 18. Qxc6 Qxa2 19. Re2 Rad8 20. Nc3 Qa6
21. f5 Bg5 22. fxe6 Bxc1 23. e7 Qc8 24. exd8=N Rxd8 25. d5 h6 26. h4 h5 27. Kg2
Bh6 28. Re7 Bc1 29. Re2 Bh6 30. Re7 Bc1 31. Qb5 Qa8 32. Kg1 Kf8 33. Re2 Bh6 34.
d6 Qc8 35. Qxh5 Rxd6 36. g4 Kg8 37. g5 g6 38. Qf3 Bg7 39. Re7 Qf5 40. Qxf5 gxf5
41. Rxa7 Bxc3 42. bxc3 Rc6 43. Rb7 Rxc3 44. Rxb6 Rc4 45. Rh6 Kg7 46. f3 Rc2 47.
Rf6 Rc4 48. h5 Rc5 49. h6+ Kg8 50. f4 Ra5 51. Kf2 Rb5 52. Kg3 Ra5 53. Kh4 Rb5
54. Kh5 Ra5 55. h7+ Kxh7 56. Rxf7+ Kg8 57. Kg6 Ra6+ 58. Rf6 Ra7 59. Rc6 1-0